Χρήμα και οικονομική δραστηριότης : η ελληνική εμπειρία 1950-1975
Αποθηκεύτηκε σε:
| Κύριος συγγραφέας: | |
|---|---|
| Μορφή: | Βιβλίο |
| Γλώσσα: | Greek |
| Δημοσίευση: |
Αθήνα :
ΙΟΒΕ,
1979
|
| Σειρά: | Ειδικές μελέτες (Ινστιτούτον Οικονομικών και Βιομηχανικών Ερευνών)
; 5 |
| Θέματα: | |
| Ετικέτες: |
Προσθήκη ετικέτας
Δεν υπάρχουν, Καταχωρήστε ετικέτα πρώτοι!
|
MARC
| LEADER | 00000nam a2200000 i 4500 | ||
|---|---|---|---|
| 001 | 1/43640 | ||
| 008 | 960221s1979 gre d | ||
| 035 | |l 10025820 | ||
| 040 | |a GR-MY-UA |b gre |e aacr | ||
| 041 | 0 | |a gre | |
| 082 | 0 | |a 332.49495 | |
| 100 | 1 | |a Παπαδάκης, Ιωάννης Μ. | |
| 245 | 1 | 0 | |a Χρήμα και οικονομική δραστηριότης : |b η ελληνική εμπειρία 1950-1975 / |c Ι.Μ.Παπαδάκη |
| 260 | |a Αθήνα : |b ΙΟΒΕ, |c 1979 | ||
| 490 | 1 | |a Ειδικές μελέτες (Ινστιτούτον Οικονομικών και Βιομηχανικών Ερευνών) |v ; 5 | |
| 500 | |a Περιλ.βιβλιογραφίας | ||
| 650 | 0 | 0 | |a Money |z Greece. |
| 650 | 0 | 0 | |a Economics. |
| 830 | 0 | |a Ειδικές μελέτες (Ινστιτούτον Οικονομικών και Βιομηχανικών Ερευνών) |v ; 5 | |
| 852 | |a INST |b CHIOS |e 19960221 |h 332.49495 ΠΑΠ |p 005200002207 |q 005200002207 |t BK |y 0 | ||
| 909 | |a Χ |b 023056 | ||